00659nam a2200169 u 450000100100000000500170001000800410002704000250006808200160009324501020010926000730021130000210028470000290030570000240033495201140035899900170047200002096720200930011212.0100825s1984 dr r 001 0 spa d aDO-SdBNPbspacBNPHU axxxxbG633e00aEconomía política e investigación social /cLuis Gómez ; introducción Josefina Padilla. a[Santo Domingo] :b[Universidad Autónoma de Santo Domingo],c1984. a320 p. ;c21 cm.1 aPadilla, Josefina9204251 aGómez, Luis99238 0010718PDaPDbPDcCTd2010-08-25iLF1l0oxxxx G633ep20967-10r2020-06-25w2020-06-25yLFPDZNo se presta c20470d20470